[Event "Dundee & Angus Open"]
[Site "?"]
[Date "2012.??.??"]
[Round "4"]
[White "Donohue, Tom"]
[Black "Newton, Andrew"]
[Result "1/2-1/2"]
[WhiteElo "2012"]
[BlackElo "1813"]
[PlyCount "95"]

1. e4 c5 2. Nf3 d6 3. d4 cxd4 4. Nxd4 Nf6 5. Nc3 a6 6. Be2 e6 7. a4 Be7 8. O-O
O-O 9. Kh1 Nc6 10. f4 Qc7 11. Nb3 Re8 12. Be3 b6 13. Bf3 Bb7 14. Qe2 Rad8 15.
Qf2 Nd7 16. Rad1 Nc5 17. Nxc5 bxc5 18. Ne2 Na5 19. b3 d5 20. e5 d4 21. Bd2 Nc6
22. Nc1 a5 23. Nd3 Nb4 24. Bxb4 axb4 25. Bxb7 Qxb7 26. f5 exf5 27. Qxf5 Bf8 28.
Rf3 g6 29. Qf4 Qd5 30. Rdf1 Rd7 31. Qg4 Rc7 32. Rf6 c4 33. bxc4 Qxc4 34. Qf4
Bg7 35. Rd6 Qxc2 36. Nxb4 Qxa4 37. Nd3 Qb5 38. Rxd4 Bxe5 39. Nxe5 Qxe5 40. Qd2
Qe3 41. Rd8 Qxd2 42. Rxd2 Rce7 43. h3 Kg7 44. Kh2 f5 45. Rfd1 Kf7 46. Rd6 h6
47. R1d2 Re6 48. Rd7+ 1/2-1/2

[Event "Dundee & Angus Open"]
[Site "?"]
[Date "2012.??.??"]
[Round "4"]
[White "Roy, Ali"]
[Black "Roberson, David"]
[Result "1-0"]
[WhiteElo "1838"]
[BlackElo "2032"]
[PlyCount "99"]

1. e4 e6 2. d3 c5 3. Nf3 Nc6 4. g3 g6 5. Bg2 Bg7 6. O-O Nge7 7. c3 d5 8. Nbd2
O-O 9. Re1 b5 10. Nf1 b4 11. e5 Rb8 12. Bf4 bxc3 13. bxc3 Qa5 14. Qd2 Ba6 15.
Rab1 Rb5 16. Ne3 Rfb8 17. Rxb5 Rxb5 18. Ng4 d4 19. c4 Qxd2 20. Nxd2 Ra5 21.
Nf6+ Kh8 22. Nde4 Nd8 23. Rb1 Nec6 24. Nd7 Bc8 25. Nexc5 Bxd7 26. Nxd7 h6 27.
Rb2 g5 28. Bd2 Ra3 29. Be4 Ra6 30. f4 g4 31. Nb8 Nxb8 32. Rxb8 Rxa2 33. Rxd8+
Bf8 34. Rxf8+ Kg7 35. Rb8 Rxd2 36. Rb1 Rc2 37. f5 exf5 38. Bxf5 h5 39. h3 gxh3
40. Bxh3 Re2 41. Bf5 Rxe5 42. Be4 f5 43. Bg2 Ra5 44. Kf2 Kf6 45. Kf3 Ra3 46.
Bf1 a5 47. Kf4 Ra2 48. Rb6+ Kf7 49. Bh3 Rf2+ 50. Ke5 1-0

[Event "Dundee & Angus Open"]
[Site "?"]
[Date "2012.??.??"]
[Round "4"]
[White "Neave, George"]
[Black "MacQueen, Calum"]
[Result "1/2-1/2"]
[WhiteElo "2051"]
[BlackElo "2272"]
[PlyCount "110"]

1. d4 Nf6 2. c4 g6 3. Nf3 Bg7 4. Nc3 O-O 5. e4 d6 6. Be2 e5 7. O-O Nc6 8. d5
Ne7 9. Ne1 Ne8 10. Be3 f5 11. f3 c5 12. a3 f4 13. Bf2 h5 14. b4 b6 15. Nd3 g5
16. Nb5 a6 17. Nxd6 Nxd6 18. bxc5 bxc5 19. Nxc5 Ng6 20. Na4 g4 21. c5 g3 22.
hxg3 fxg3 23. Bxg3 Qg5 24. Qe1 h4 25. Bh2 h3 26. Qg3 Qe3+ 27. Qf2 Qxf2+ 28.
Rxf2 Nb5 29. Bxb5 axb5 30. Nb6 Rb8 31. Nxc8 Rfxc8 32. c6 Bf8 33. Rc2 hxg2 34.
Kxg2 Kf7 35. Bg1 Nf4+ 36. Kf1 Bd6 37. Rh2 Rh8 38. Raa2 Nh5 39. Rag2 Nf6 40.
Rxh8 Rxh8 41. Rb2 Rb8 42. Ba7 Ra8 43. Bb6 Rxa3 44. Ke2 b4 45. c7 Rc3 46. Ba5
Ne8 47. Bxb4 Rxc7 48. Bxd6 Nxd6 49. Kd3 Rc1 50. f4 exf4 51. Rf2 Rc3+ 52. Kd4
Nb5+ 53. Ke5 f3 54. Kf4 Nd4 55. e5 Ne6+ 1/2-1/2

[Event "Dundee & Angus Open"]
[Site "?"]
[Date "2012.??.??"]
[Round "4"]
[White "Hogg, Steve"]
[Black "Durno, Joy"]
[Result "1/2-1/2"]
[WhiteElo "1933"]
[BlackElo "1790"]
[PlyCount "83"]

1. Nf3 Nf6 2. b3 c5 3. Bb2 Nc6 4. e3 e6 5. d4 b6 6. Bd3 Bb7 7. O-O cxd4 8. exd4
Rc8 9. a3 d5 10. Nbd2 Be7 11. Qe2 O-O 12. Rad1 Re8 13. Rfe1 a6 14. Bxa6 Bxa6
15. Qxa6 Qc7 16. Qd3 Na5 17. Rc1 Qa7 18. c4 Red8 19. h3 Qa6 20. Re3 Nb7 21. Ne5
dxc4 22. bxc4 Nc5 23. Qe2 Na4 24. Ndf3 Nxb2 25. Qxb2 h6 26. Rb1 Nd7 27. Nxd7
Rxd7 28. Ne5 Ra7 29. Qb3 Bd6 30. d5 exd5 31. cxd5 Bc5 32. Nc6 Rd7 33. Rf3 Qe2
34. g3 Re8 35. Kg2 Qe4 36. Rd1 h5 37. h4 Ra8 38. Qd3 Qxd3 39. Rdxd3 f6 40. Kf1
Ra4 41. Ke2 Rc4 42. Kd2 1/2-1/2

[Event "Dundee & Angus Open"]
[Site "?"]
[Date "2012.??.??"]
[Round "4"]
[White "Grant, David"]
[Black "Allor, Chukwuka"]
[Result "1-0"]
[WhiteElo "1906"]
[BlackElo "2163"]
[PlyCount "100"]

1. e4 c5 2. c3 Nf6 3. e5 Nd5 4. d4 cxd4 5. Nf3 e6 6. cxd4 d6 7. Nc3 Nxc3 8.
bxc3 Nc6 9. Bf4 Qa5 10. Qb3 dxe5 11. Bxe5 Nxe5 12. Nxe5 f6 13. Bb5+ Ke7 14. Nc4
Qc7 15. Ne3 a6 16. Bd3 Kf7 17. O-O Bd6 18. g3 b5 19. Be4 Rb8 20. Nf5 Bd7 21.
Rfe1 Rhc8 22. Rac1 Bf8 23. d5 Qc4 24. dxe6+ Bxe6 25. Nd4 Qxb3 26. axb3 Bd7 27.
Bd5+ Kg6 28. Ne6 $11 28... Bd6 29. Re4 f5 30. Nf4+ Kf6 31. Nh5+ Kg6 32. Nf4+
Kh6 33. Rd4 Be5 34. Rd3 Re8 35. Ne2 Be6 36. f4 Bf6 37. Nd4 Bxd4+ 38. Rxd4 Bxd5
39. Rxd5 Re2 40. Rxf5 Rd8 41. Re5 Ra2 42. g4 Rdd2 43. h3 g6 44. Re7 Rg2+ 45.
Kh1 Rh2+ 46. Kg1 Rxh3 47. g5+ Kh5 48. Rxh7+ Kg4 49. Rxh3 Kxh3 50. c4 50... bxc4
{Remaining moves missing} 1-0

[Event "Dundee & Angus Open"]
[Site "?"]
[Date "2012.??.??"]
[Round "4"]
[White "Burns-Mannion, Stephen"]
[Black "Tate, Alan"]
[Result "1/2-1/2"]
[WhiteElo "2342"]
[BlackElo "2349"]
[PlyCount "82"]

1. e4 c5 2. Nf3 d6 3. d4 Nf6 4. Nc3 cxd4 5. Nxd4 a6 6. h3 g6 7. g4 Bg7 8. Be2
b5 9. g5 Nfd7 10. f4 b4 11. Nd5 Bb7 12. Bf3 Nc5 13. Nb3 Nbd7 14. Qe2 Bxd5 15.
exd5 O-O 16. O-O Re8 17. Nxc5 Nxc5 18. Rb1 a5 19. b3 Qb6 20. Be3 Rac8 21. Qf2
Qb7 22. Rfe1 Rc7 23. Re2 Rec8 24. Bd4 Bxd4 25. Qxd4 Ne6 26. Qe4 Nf8 27. Bg4 Re8
28. Rbe1 Rc3 29. Re3 Rxe3 30. Rxe3 Nd7 31. c4 Nc5 32. Qd4 a4 33. h4 axb3 34.
axb3 Ra8 35. h5 gxh5 36. Bxh5 Qd7 37. Kg2 Ra3 38. Bd1 Ra7 39. Kg3 Qf5 40. Bg4
Qb1 41. Bd1 Qf5 1/2-1/2

[Event "Dundee & Angus Open"]
[Site "?"]
[Date "2012.??.??"]
[Round "4"]
[White "Romilly, Peter"]
[Black "Marks, Ian"]
[Result "1/2-1/2"]
[WhiteElo "2157"]
[BlackElo "1922"]
[PlyCount "83"]

1. d4 d6 2. c4 e5 3. Nf3 e4 4. Nfd2 f5 5. e3 Nf6 6. Nc3 c6 7. Be2 Be7 8. Rb1 d5
9. c5 Nbd7 10. b4 Nf8 11. a4 Ne6 12. Nb3 Qc7 13. g3 h5 14. h4 Ng4 15. b5 g5 16.
hxg5 Bxg5 17. Bxg4 fxg4 18. Ne2 Bd7 19. Nd2 Qd8 20. Nf1 Qf6 21. Nf4 Bxf4 22.
gxf4 Ke7 23. Bd2 Rag8 24. Ba5 h4 25. Rb2 Ng7 26. Bc7 Rh6 27. Be5 Qg6 28. Bxg7
Rxg7 29. Rg1 Qf6 30. Qb3 Rhg6 31. Qb4 g3 32. fxg3 hxg3 33. bxc6 bxc6 34. Rgg2
Qh4 35. Qb8 Qh1 36. Qe5+ Kf7 37. Rb7 Qxg2 38. Rxd7+ Kg8 39. Rxg7+ Rxg7 40. Qe8+
Kh7 41. Qh5+ Kg8 42. Qe8+ 1/2-1/2

[Event "Dundee & Angus Open"]
[Site "?"]
[Date "2012.??.??"]
[Round "4"]
[White "Bamber, Elaine"]
[Black "Jelfs, Alan"]
[Result "1-0"]
[WhiteElo "2095"]
[BlackElo "1858"]
[PlyCount "105"]

1. e4 e5 2. Bc4 Nf6 3. d3 Bc5 4. Nf3 O-O 5. O-O d6 6. Bg5 Be6 7. Nbd2 Nbd7 8.
c3 Bb6 9. b4 c6 10. Bb3 Qe8 11. Qe2 Rc8 12. Rac1 Bxb3 13. axb3 Qe6 14. Nc4 Bd8
15. Nh4 b5 16. Nd2 h6 17. Bxf6 Bxf6 18. Nf5 Bg5 19. Ra1 g6 20. Ne3 Rc7 21. Ra3
Kh7 22. Rfa1 Ra8 23. Nf3 Bxe3 24. Qxe3 c5 25. bxc5 dxc5 26. c4 bxc4 27. dxc4
Nb8 28. Ra5 Qe7 29. Rd1 f6 30. Rd5 Nd7 31. Qd3 Rb8 32. h3 Nb6 33. Rd6 Nc8 34.
Rd5 Nb6 35. Rd6 35... Nc8 $11 36. Rda6 Rd7 37. Qe3 Rc7 38. Nh2 Rb6 39. Ng4 g5
40. Qf3 Rcc6 41. Rxb6 axb6 42. Ra8 Kg7 43. Ne3 Qb7 44. Ra1 Ne7 45. Qh5 Rd6 46.
Qe8 Qd7 47. Qa8 Rc6 48. Ra7 Rc7 49. Rxc7 Qxc7 50. Qe8 Qd6 51. Kh2 Qe6 52. Nf5+
Kh7 53. Qxe7+ 1-0

[Event "Dundee & Angus Open"]
[Site "?"]
[Date "2012.??.??"]
[Round "4"]
[White "McLean, Ian"]
[Black "Murdochy, Shivan"]
[Result "1/2-1/2"]
[WhiteElo "1837"]
[BlackElo "1880"]
[PlyCount "78"]

1. Nf3 c5 2. g3 g6 3. Bg2 Bg7 4. d3 Nc6 5. Nbd2 d6 6. O-O e5 7. e4 Nge7 8. a4
O-O 9. Nc4 f5 10. exf5 gxf5 11. Re1 h6 12. Bd2 Ng6 13. Bc3 Be6 14. Qe2 Qd7 15.
Na5 Nxa5 16. Bxa5 Rae8 17. c4 Kh8 18. Qc2 Ne7 19. Bc3 Nc6 20. Rab1 a5 21. Nh4
Qf7 22. Bxc6 bxc6 23. Bxa5 Bf6 24. Ng2 f4 25. Qd2 Bh3 26. Nxf4 exf4 27. Qxf4
Rxe1+ 28. Rxe1 Qg7 29. Qxd6 Bd4 30. Re2 Kh7 31. Bc3 Bxc3 32. bxc3 Rf7 33. Qe5
Qg6 34. f4 Qxd3 35. Qe4+ Qxe4 36. Rxe4 Ra7 37. Re5 Rxa4 38. Rxc5 Ra3 39. Rxc6
Rxc3 1/2-1/2

[Event "Dundee & Angus Open"]
[Site "?"]
[Date "2012.??.??"]
[Round "4"]
[White "Mayo, Kevin"]
[Black "Spencer, Ed"]
[Result "1/2-1/2"]
[WhiteElo "1836"]
[BlackElo "2038"]
[PlyCount "80"]

1. d4 f5 2. Nf3 Nf6 3. g3 e6 4. Bg2 Be7 5. O-O O-O 6. c4 d6 7. Nc3 Ne4 8. Qc2
Nxc3 9. Qxc3 Bf6 10. Qc2 Qe8 11. b3 Nc6 12. Bb2 Qg6 13. Rad1 e5 14. dxe5 dxe5
15. e3 Be6 16. Rd2 Rae8 17. Ba3 Rf7 18. Rfd1 Qh5 19. Ne1 e4 20. Bb2 g5 21. Bxf6
Rxf6 22. Qc3 Rh6 23. h3 f4 24. g4 Qf7 25. f3 Qf6 26. Qxf6 Rxf6 27. fxe4 fxe3
28. Re2 Ref8 29. Nd3 h5 30. gxh5 Rh6 31. Rxe3 Rxh5 32. Nc5 Bc8 33. Rg3 Ne5 34.
Rd5 Nf7 35. Rd2 Rh6 36. e5 c6 37. Rf2 Nxe5 38. Rxg5+ Ng6 39. Be4 Rxf2 40. Kxf2
Kf7 1/2-1/2

[Event "Dundee & Angus Open"]
[Site "?"]
[Date "2012.??.??"]
[Round "4"]
[White "Babin, Andre"]
[Black "McBride, John"]
[Result "1-0"]
[WhiteElo "1749"]
[BlackElo "1858"]
[PlyCount "63"]

1. Nf3 d5 2. g3 Nf6 3. Bg2 c6 4. d3 Nbd7 5. Nbd2 e5 6. e4 d4 7. Bh3 Qc7 8. Nc4
b5 9. Na3 Nb6 10. Bxc8 Rxc8 11. O-O h6 12. Ne1 Bd6 13. f4 a6 14. Bd2 b4 15.
fxe5 Bxe5 16. Bxb4 Bxg3 17. Ba5 Bxh2+ 18. Kh1 Bd6 19. Nc4 Nfd7 20. Qg4 O-O 21.
Rg1 g6 22. Nf3 Rb8 23. Nxd4 Ne5 24. Nxe5 Bxe5 25. Nf5 Kh7 26. d4 Bg7 27. Nxg7
Kxg7 28. d5 cxd5 29. exd5 Qd7 30. Qxd7 Nxd7 31. c4 Rxb2 32. Bc3+ 1-0

[Event "Dundee & Angus Open"]
[Site "?"]
[Date "2012.??.??"]
[Round "4"]
[White "Berry, Neil"]
[Black "Campbell, Duncan A.F."]
[Result "1-0"]
[WhiteElo "2216"]
[BlackElo "1898"]
[PlyCount "59"]

1. c4 f5 2. g3 Nf6 3. Bg2 e6 4. Nf3 d5 5. O-O Bd6 6. Nc3 c6 7. d3 O-O 8. e4
Nbd7 9. cxd5 cxd5 10. exf5 exf5 11. Nd4 Nb6 12. a4 a5 13. Qb3 Bc7 14. Bg5 Kh8
15. Rac1 Bb8 16. Rfe1 Ra6 17. Rc2 h6 18. Bc1 Bd7 19. Rce2 Re8 20. Rxe8+ Bxe8
21. Ne6 Qc8 22. Bf4 Bxf4 23. Nxf4 Bf7 24. Re7 Bg8 25. Qd1 Ra7 26. Qe1 Qc5 27.
h3 Kh7 28. Qe5 Nbd7 29. Qxf5+ Kh8 30. Ng6+ 1-0

[Event "Dundee & Angus Open"]
[Site "?"]
[Date "2012.??.??"]
[Round "4"]
[White "Findlay, David"]
[Black "Doyle, Jim"]
[Result "1-0"]
[WhiteElo "2175"]
[BlackElo "1924"]
[PlyCount "47"]

1. e4 c6 2. Nc3 d5 3. Nf3 dxe4 4. Nxe4 Nf6 5. Ng3 h5 6. Bc4 h4 7. Ne2 Bf5 8.
Ng5 e6 9. d4 Nbd7 10. h3 Nb6 11. Bb3 Ne4 12. Nxe4 Bxe4 13. O-O Bd5 14. Nf4 Bxb3
15. axb3 Qf6 16. c3 a6 17. Qe2 g5 18. Nd3 Bd6 19. Qg4 Qg6 20. Nc5 O-O-O 21. Qe4
Rhg8 22. f3 Bf4 23. Qe2 Kc7 24. Nxb7 {Black lost on time} 1-0

[Event "Dundee & Angus Open"]
[Site "?"]
[Date "2012.??.??"]
[Round "4"]
[White "Kelly, J.Steven"]
[Black "Olson, Hamish"]
[Result "0-1"]
[WhiteElo "2007"]
[BlackElo "1803"]
[PlyCount "56"]

1. d4 Nf6 2. Nf3 g6 3. Bf4 Bg7 4. e3 O-O 5. Be2 d6 6. O-O Nfd7 7. h3 e5 8. Bh2
Nc6 9. c4 f5 10. Nc3 e4 11. Ne1 Nf6 12. c5 a6 13. b4 g5 14. cxd6 cxd6 15. b5
Ne7 16. Qb3+ Kh8 17. Qb4 f4 18. exf4 Ned5 19. Nxd5 Nxd5 20. Qb3 Nxf4 21. Bxf4
gxf4 22. Qd5 f3 23. Bc4 axb5 24. Bb3 Qh4 25. Qxd6 Ra6 26. Qh2 Rg6 27. Rd1 fxg2
28. Nxg2 Bxh3 0-1

[Event "Dundee & Angus Open"]
[Site "?"]
[Date "2012.??.??"]
[Round "4"]
[White "Borwell, Alan"]
[Black "Tsang, Sai Kong"]
[Result "1/2-1/2"]
[WhiteElo "1952"]
[BlackElo "1830"]
[PlyCount "51"]

1. e4 c5 2. Nc3 Nc6 3. f4 d6 4. Nf3 Nf6 5. Bc4 e6 6. O-O Be7 7. e5 Nd7 8. exd6
Bxd6 9. d3 O-O 10. Qe1 a6 11. a4 Nb4 12. Bb3 Nb6 13. Ne4 Be7 14. Qg3 Qc7 15.
Kh1 c4 16. dxc4 Nxc4 17. Ne5 Nd6 18. Nxd6 Bxd6 19. Bd2 Nd5 20. Rae1 Ne7 21. Bc3
Nf5 22. Qf3 Rb8 23. Nc4 b5 24. Nxd6 Nxd6 25. Be5 f6 26. Bxd6 1/2-1/2

[Event "Dundee & Angus Open"]
[Site "?"]
[Date "2012.??.??"]
[Round "4"]
[White "Edwards, Jonathan"]
[Black "Sreeves, Clement"]
[Result "1/2-1/2"]
[WhiteElo "1987"]
[BlackElo "2213"]
[PlyCount "64"]

1. e4 e5 2. Nf3 Nc6 3. Bb5 a6 4. Ba4 Nf6 5. O-O Be7 6. Re1 b5 7. Bb3 O-O 8. c3
d6 9. h3 Na5 10. Bc2 c5 11. d4 Qc7 12. Nbd2 Bd7 13. dxe5 dxe5 14. Nf1 Rad8 15.
Qe2 c4 16. Bg5 Nb7 17. Ne3 Nc5 18. Bxf6 Bxf6 19. Nd5 Qd6 20. Rad1 Bc6 21. Nh2
Qe6 22. Ng4 Bg5 23. g3 h5 24. Nxe5 Qxe5 25. f4 Qe6 26. fxg5 Bxd5 27. exd5 Qxh3
28. Qf2 g6 29. Qxc5 Qxg3+ 30. Kh1 Qh3+ 31. Kg1 Qg3+ 32. Kh1 Qh3+ 1/2-1/2

[Event "Dundee & Angus Open"]
[Site "?"]
[Date "2012.??.??"]
[Round "5"]
[White "Grant, Alan"]
[Black "Edwards, Jonathan"]
[Result "1/2-1/2"]
[WhiteElo "2114"]
[BlackElo "1987"]
[PlyCount "72"]

1. b3 Nf6 2. Bb2 g6 3. Bxf6 exf6 4. c4 Bg7 5. Nc3 f5 6. g3 O-O 7. Bg2 d6 8. e3
c6 9. Nge2 Nd7 10. O-O Re8 11. Rb1 a5 12. a3 Nb6 13. d3 Be6 14. b4 axb4 15.
axb4 d5 16. c5 d4 17. Nxd4 Bxd4 18. exd4 Nd5 19. Ne2 Nc7 20. Ra1 Qf6 21. Qd2
Red8 22. h4 Nb5 23. Qb2 Nxd4 24. Nxd4 Rxa1 25. Rxa1 Qxd4 26. Qxd4 Rxd4 27. b5
cxb5 28. Bxb7 Rxd3 29. Rb1 Rb3 30. Rxb3 Bxb3 31. Ba6 b4 32. c6 Be6 33. c7 b3
34. Bc4 b2 35. Bxe6 b1=Q+ 36. Kh2 fxe6 1/2-1/2

Qxd3 39. Rdxd3 f6 40. Kf1
Ra4 41. Ke2 Rc4 42. Kd2 1/2-1/2

[Event "Dundee & Angus Open"]
[Site "?"]
[Date "2012.??.??"]
[Round "5"]
[White "Durno, Joy"]
[Black "Robertson, David"]
[Result "0-1"]
[WhiteElo "1790"]
[BlackElo "2032"]
[PlyCount "62"]

1. d4 Nf6 2. c4 g6 3. g3 Bg7 4. Bg2 O-O 5. Nc3 d6 6. Nf3 a6 7. O-O Nc6 8. Qd3
Nb4 9. Qd2 c5 10. d5 a5 11. a3 Na6 12. h3 Nc7 13. a4 Nd7 14. Qc2 Nb6 15. Nd2
Na6 16. Nb5 Nb4 17. Qb3 Bd7 18. Kh2 Qb8 19. Ne4 Bxb5 20. axb5 a4 21. Qd1 Nxc4
22. Rxa4 Nxb2 23. Rxa8 Qxa8 24. Qb3 Qa4 25. Nd2 Qxb3 26. Nxb3 Ra8 27. Be4 c4
28. Nd2 c3 29. Bxb2 cxb2 30. Rb1 f5 31. Bf3 Ra1 0-1

 Kf6 31. Nh5+ Kg6 32. Nf4+
Kh6 33. Rd4 Be5 34. Rd3 Re8 35. Ne2 Be6 36. f4 Bf6 37. Nd4 Bxd4+ 38. Rxd4 Bxd5
39. Rxd5 Re2 40. Rxf5 $11 40... Rd8 41. Re5 Ra2 42. g4 Rdd2 43. h3 g6 44. Re7
Rg2+ 45. Kh1 Rh2+ 46. Kg1 Rxh3 47. g5+ Kh5 48. Rxh7+ Kg4 49. Rxh3 Kxh3 50. c4
50... bxc4 {Remaining moves not recorded} 1-0

[Event "Dundee & Angus Open"]
[Site "?"]
[Date "2012.??.??"]
[Round "5"]
[White "Tsang, Sai Kong"]
[Black "Grove, Michael"]
[Result "0-1"]
[WhiteElo "1830"]
[BlackElo "1922"]
[PlyCount "58"]

1. d4 Nf6 2. Nf3 e6 3. g3 d5 4. Bg2 c5 5. O-O Nc6 6. Bf4 Qb6 7. dxc5 Bxc5 8.
Nc3 Ng4 9. Na4 Nxf2 10. Rxf2 Bxf2+ 11. Kf1 Qa5 12. c4 Bb6 13. Ne5 O-O 14. Bd2
Qa6 15. b4 dxc4 16. Nxc6 bxc6 17. Bxc6 Bd7 18. Bxd7 Qb7 19. Nxb6 axb6 20. Bc3
Qh1+ 21. Kf2 Qxh2+ 22. Kf3 Qh5+ 23. Kf2 Rfd8 24. Qd4 Qf5+ 25. Kg1 Qg6 26. Rd1
Qxg3+ 27. Kh1 h6 28. Qxc4 Rac8 29. Bxe6 Rxd1+ 0-1

 h3 Nb6 33. Rd6 Nc8 34.
Rd5 Nb6 35. Rd6 35... Nc8 $11 36. Rda6 Rd7 37. Qe3 Rc7 38. Nh2 Rb6 39. Ng4 g5
40. Qf3 Rcc6 41. Rxb6 axb6 42. Ra8 Kg7 43. Ne3 Qb7 44. Ra1 Ne7 45. Qh5 Rd6 46.
Qe8 Qd7 47. Qa8 Rc6 48. Ra7 Rc7 49. Rxc7 Qxc7 50. Qe8 Qd6 51. Kh2 Qe6 52. Nf5+
Kh7 53. Qxe7+ 1-0

[Event "Dundee & Angus Open"]
[Site "?"]
[Date "2012.??.??"]
[Round "5"]
[White "MacQueen, Calum"]
[Black "Abdulla, Murad"]
[Result "1-0"]
[WhiteElo "2272"]
[BlackElo "1746"]
[PlyCount "75"]

1. d4 Nf6 2. c4 c5 3. d5 e6 4. Nc3 exd5 5. cxd5 d6 6. Nf3 g6 7. Bf4 Bg7 8. Qa4+
Bd7 9. Qb3 Qc7 10. e3 b6 11. h3 O-O 12. Be2 a6 13. g4 Bc8 14. Nd2 Nbd7 15. Nc4
Ne8 16. Ne4 Be5 17. Nxe5 Nxe5 18. Bh6 Ng7 19. Nf6+ Kh8 20. f4 Nd7 21. Qc3 Nxf6
22. Qxf6 Rg8 23. e4 Bb7 24. O-O Rae8 25. Bf3 Qe7 26. Bg5 Qxf6 27. Bxf6 h6 28.
e5 Kh7 29. exd6 Bc8 30. g5 Bd7 31. Rfe1 h5 32. Re7 Rxe7 33. dxe7 Ne8 34. Bc3 f6
35. Be2 Rg7 36. d6 Bc6 37. Rd1 Bd7 38. Bxa6 1-0

[Event "Dundee & Angus Open"]
[Site "?"]
[Date "2012.??.??"]
[Round "5"]
[White "Dawson, Alastair"]
[Black "Grant, David"]
[Result "1/2-1/2"]
[WhiteElo "1760"]
[BlackElo "1906"]
[PlyCount "26"]

1. d4 g6 2. Nf3 Bg7 3. e4 d6 4. Nc3 a6 5. a4 Nd7 6. Be3 e6 7. h3 Ne7 8. Qd2 h6
9. Bd3 b6 10. Ne2 Bb7 11. c4 c5 12. d5 e5 13. g4 Nf6 1/2-1/2

[Event "Dundee & Angus Open"]
[Site "?"]
[Date "2012.??.??"]
[Round "5"]
[White "Olson, Hamish"]
[Black "Burns-Mannion, Stephen"]
[Result "0-1"]
[WhiteElo "2007"]
[BlackElo "2342"]
[PlyCount "74"]

1. Nf3 Nf6 2. e3 d5 3. c4 e6 4. b3 Be7 5. Bb2 O-O 6. Qc2 c5 7. d3 Nc6 8. Nbd2
b6 9. a3 Bb7 10. Be2 Rc8 11. Rc1 Qd7 12. Qb1 Rfd8 13. Qa1 Ne8 14. O-O Bf6 15.
cxd5 Qxd5 16. Nc4 Bxb2 17. Qxb2 Nf6 18. Rfd1 h6 19. Rc2 e5 20. h3 Re8 21. Rdc1
Rcd8 22. Rb1 e4 23. dxe4 Nxe4 24. Ncd2 Ne5 25. Rd1 Nd3 26. Bxd3 Qxd3 27. Re1
Nxd2 28. Rxd2 Qg6 29. Nh4 Qg5 30. g3 Rxd2 31. Qxd2 Rd8 32. Qe2 Qd5 33. e4 Qxb3
34. Nf5 Qc3 35. Rd1 Rxd1+ 36. Qxd1 Bxe4 37. Qd8+ Kh7 0-1

[Event "Dundee & Angus Open"]
[Site "?"]
[Date "2012.??.??"]
[Round "5"]
[White "Payada, Dmitriy"]
[Black "Findlay, David"]
[Result "0-1"]
[WhiteElo "2014"]
[BlackElo "2175"]
[PlyCount "78"]

1. e4 e5 2. Nf3 d6 3. d4 exd4 4. Nxd4 g6 5. Nc3 Bg7 6. Be3 Nf6 7. Be2 O-O 8. f4
Nxe4 9. Nxe4 Re8 10. Bd3 d5 11. c3 dxe4 12. Bc4 Nd7 13. Qb3 Qe7 14. O-O-O Nc5
15. Qc2 Nd3+ 16. Kb1 c5 17. Ne2 b5 18. Bd5 Rb8 19. Ng3 Bb7 20. Bxb7 Rxb7 21.
Bc1 f5 22. Nf1 Kh8 23. Ne3 b4 24. c4 b3 25. axb3 Reb8 26. Nd5 Qd7 27. b4 cxb4
28. b3 a5 29. Qa2 a4 30. Qxa4 Qxa4 31. bxa4 Nf2 32. Be3 Nxh1 33. a5 b3 34. Rxh1
Ra8 35. Bd2 Rba7 36. Rd1 Rxa5 37. Bxa5 Rxa5 38. Kc1 Ra4 39. Kd2 b2 0-1

[Event "Dundee & Angus Open"]
[Site "?"]
[Date "2012.??.??"]
[Round "5"]
[White "Newton, Andrew"]
[Black "Babin, Andre"]
[Result "1-0"]
[WhiteElo "1813"]
[BlackElo "1749"]
[PlyCount "89"]

1. e4 c5 2. Nf3 Nc6 3. d4 cxd4 4. Nxd4 Nf6 5. Nc3 d6 6. Bg5 e6 7. Qd2 a6 8.
O-O-O Qc7 9. Bxf6 gxf6 10. f4 Bd7 11. g3 O-O-O 12. Kb1 h5 13. Nf3 Qa5 14. Bc4
Be7 15. Bb3 Kb8 16. Rhe1 Rhg8 17. Qe2 Rg4 18. Qf2 Rgg8 19. Qe3 Qc5 20. Na4 Qxe3
21. Rxe3 Kc7 22. c4 Na5 23. Rc1 Nxb3 24. axb3 Bc6 25. Nc3 Kb8 26. b4 b5 27. Nd4
Bd7 28. cxb5 axb5 29. Ncxb5 Bxb5 30. Nxb5 Rc8 31. Rxc8+ Rxc8 32. Rc3 Rxc3 33.
bxc3 Kc8 34. Kc2 Kd7 35. Kb3 Bf8 36. c4 Bh6 37. Nd4 h4 38. b5 Kc7 39. Nf3 hxg3
40. hxg3 d5 41. exd5 exd5 42. cxd5 Bf8 43. Kc4 Ba3 44. Nd4 Bc1 45. Nf5 1-0

[Event "Dundee & Angus Open"]
[Site "?"]
[Date "2012.??.??"]
[Round "5"]
[White "Spencer, Ed"]
[Black "Kelly, J Steven"]
[Result "1-0"]
[WhiteElo "2038"]
[BlackElo "1803"]
[PlyCount "119"]

1. e4 d6 2. Nc3 Nf6 3. Bc4 e5 4. d3 Be7 5. f4 exf4 6. Bxf4 Bg4 7. Qd2 Nc6 8. a3
Nh5 9. Be3 Ne5 10. Ba2 Bh4+ 11. g3 Be7 12. Qf2 Be6 13. Qe2 Bg4 14. Qf2 Be6 15.
Bxe6 fxe6 16. Qe2 Nf6 17. Nh3 O-O 18. Nf4 Qd7 19. d4 Neg4 20. Bg1 e5 21. Qc4+
Kh8 22. Ne6 Rfc8 23. d5 c6 24. Qd3 Ne8 25. h3 Ngf6 26. O-O-O Nc7 27. Ng5 h6 28.
dxc6 bxc6 29. Nf7+ Kh7 30. Nxe5 Qe8 31. Nc4 Qg6 32. Ne3 d5 33. exd5 cxd5 34.
Qxg6+ Kxg6 35. Ncxd5 Nfxd5 36. Nxd5 Bg5+ 37. Be3 Nxd5 38. Bxg5 Nc3 39. bxc3
hxg5 40. Rd3 Rc5 41. Kd2 Rf8 42. Re1 Rf2+ 43. Re2 Rf6 44. Re4 Rfc6 45. g4 Kf6
46. Ra4 a5 47. Rad4 Ke5 48. Re3+ Kf6 49. Rf3+ Kg6 50. Rfd3 Rc8 51. Rd5 Kf6 52.
Rxc5 Rxc5 53. Rd4 Ke5 54. Kd3 Rc7 55. Re4+ Kd6 56. c4 g6 57. Rd4+ Kc6 58. Rd5
Rh7 59. Rxa5 Rxh3+ 60. Kd4 1-0

[Event "Dundee & Angus Open"]
[Site "?"]
[Date "2012.??.??"]
[Round "5"]
[White "Marks, Ian"]
[Black "Bamber, Elaine"]
[Result "1/2-1/2"]
[WhiteElo "1922"]
[BlackElo "2095"]
[PlyCount "116"]

1. d4 d5 2. c4 c6 3. Nf3 Nf6 4. Nc3 e6 5. Bg5 dxc4 6. e4 b5 7. e5 h6 8. Bh4 g5
9. Nxg5 hxg5 10. Bxg5 Nbd7 11. g3 Qb6 12. exf6 Bb7 13. Bg2 O-O-O 14. O-O c5 15.
d5 b4 16. Rb1 Bh6 17. f4 Qa6 18. dxe6 Bxg2 19. Kxg2 Ne5 20. Qe2 bxc3 21. Qxe5
Qc6+ 22. Kg1 Rd2 23. Rf2 Rxf2 24. Kxf2 c2 25. Rc1 Bxg5 26. fxg5 Rxh2+ 27. Ke3
Qg2 28. Qxc5+ Kb7 29. Qb5+ Ka8 30. Qe8+ Kb7 31. Qe7+ Ka8 32. Qd8+ Kb7 33. Qd7+
Kb8 34. Qd6+ Ka8 35. exf7 Qe2+ 36. Kd4 Qd2+ 37. Kc5 Qa5+ 38. Kxc4 Qa4+ 39. b4
Qxa2+ 40. Kb5 Qxf7 41. Qd8+ Kb7 42. Qe7+ Qxe7 43. fxe7 Re2 44. Rxc2 Rxe7 45.
Rc5 Re3 46. Rf5 a6+ 47. Kc5 Rc3+ 48. Kd6 Rxg3 49. Rf7+ Kb6 50. Rg7 Kb5 51. g6
Kxb4 52. Ke6 Ka3 53. Kf5 a5 54. Re7 a4 55. g7 Kb2 56. Rb7+ Kc2 57. Ra7 a3 58.
Rxa3 Rxg7 1/2-1/2

[Event "Dundee & Angus Open"]
[Site "?"]
[Date "2012.??.??"]
[Round "5"]
[White "Roy, Ali"]
[Black "Donohue, Tom"]
[Result "1-0"]
[WhiteElo "1838"]
[BlackElo "2012"]
[PlyCount "100"]

1. e4 c5 2. Nf3 e6 3. c3 Nf6 4. Bd3 d6 5. Bc2 Nc6 6. O-O Be7 7. d4 e5 8. dxc5
dxc5 9. Qxd8+ Bxd8 10. Be3 Be7 11. Nbd2 O-O 12. Nc4 Ng4 13. Bg5 Bxg5 14. Nxg5
f6 15. Nf3 Be6 16. Nd6 b6 17. h3 Nh6 18. Rfd1 a6 19. a4 Ra7 20. Nd2 Rd7 21. Nf5
Nxf5 22. exf5 Bf7 23. Ne4 Rfd8 24. Rxd7 Rxd7 25. Rd1 Rxd1+ 26. Bxd1 Bd5 27. Nd6
Kf8 28. Be2 Nb8 29. Nc8 Nd7 30. Bxa6 Bc6 31. b3 g6 32. Bd3 e4 33. Bc2 gxf5 34.
Nd6 Ke7 35. Nxf5+ Ke6 36. Ne3 Ne5 37. Kf1 h5 38. h4 f5 39. g3 Kf6 40. Ke2 Ng6
41. Ng2 Ke5 42. Ke3 Be8 43. Bd1 Ne7 44. Nf4 Bf7 45. Nxh5 Nd5+ 46. Kd2 f4 47.
gxf4+ Nxf4 48. Nxf4 Kxf4 49. h5 Bg8 50. b4 cxb4 1-0

[Event "Dundee & Angus Open"]
[Site "?"]
[Date "2012.??.??"]
[Round "5"]
[White "Sreeves, Clement"]
[Black "Neave, George"]
[Result "1-0"]
[WhiteElo "2213"]
[BlackElo "2051"]
[PlyCount "91"]

1. c4 Nf6 2. g3 g6 3. Bg2 Bg7 4. Nc3 O-O 5. e4 d6 6. Nge2 c5 7. O-O Nc6 8. d3
a6 9. h3 Rb8 10. a4 Bd7 11. Be3 Ne8 12. d4 cxd4 13. Nxd4 Nc7 14. Kh2 Ne6 15.
Nde2 Nc5 16. Rb1 Nb4 17. Qd2 Nb3 18. Qd1 Nc5 19. b3 b5 20. axb5 axb5 21. cxb5
Bxb5 22. Nxb5 Rxb5 23. Qd2 Rb8 24. Rfc1 Qa5 25. Nd4 Qa3 26. Qd1 Qa6 27. Rc4
Rfc8 28. Ra1 Qb6 29. Ra3 Ra8 30. Rxa8 Rxa8 31. Nc2 Nxc2 32. Qxc2 Qa6 33. e5 Rb8
34. exd6 exd6 35. b4 Ne6 36. Rc6 Qb5 37. Rc8+ Nf8 38. Rxb8 Qxb8 39. Qc4 Nd7 40.
Bd5 Ne5 41. Qa6 h5 42. b5 Bf6 43. b6 Nd7 44. b7 Bd8 45. Qc6 Qc7 46. Qxd7 1-0